| 000 | 00434 a2200157 4500 | ||
|---|---|---|---|
| 005 | 20250626161444.0 | ||
| 020 | _a13:978-0-321-36925-3 | ||
| 082 | _a338.5LIP. | ||
| 100 | _aLIPSEY, R. G. | ||
| 245 | _aMicroeconomics, | ||
| 250 | _a13th Ed. | ||
| 260 |
_aNew York, _bPearson Addison Wesley, _c2008. |
||
| 300 |
_axxxi.; 858p.; Ill.; picture. _bGlossary, Index, _c25cm. |
||
| 700 | _aRAGAN, C. T. S. & STORER, P. A. | ||
| 942 |
_2ddc _cBKS |
||
| 999 |
_c5439 _d5439 |
||